<?xml version="1.0" encoding="UTF-8"?>
<collection xmlns="http://www.loc.gov/MARC21/slim">
 <record>
  <leader>02146nam a22003017a 4500</leader>
  <controlfield tag="001">NCT_67230</controlfield>
  <controlfield tag="008">190821b        xxu||||| |||| 00| 0 vie d</controlfield>
  <datafield tag="999" ind1=" " ind2=" ">
   <subfield code="c">3246</subfield>
   <subfield code="d">3246</subfield>
  </datafield>
  <datafield tag="020" ind1=" " ind2=" ">
   <subfield code="a">9786047231706</subfield>
   <subfield code="c">48000</subfield>
  </datafield>
  <datafield tag="082" ind1="0" ind2="4">
   <subfield code="2">23rd ed.</subfield>
   <subfield code="a">346.597</subfield>
   <subfield code="b">Th107/T.2</subfield>
  </datafield>
  <datafield tag="100" ind1="1" ind2=" ">
   <subfield code="a">Đinh Văn Thanh</subfield>
   <subfield code="e">Chủ biên</subfield>
  </datafield>
  <datafield tag="245" ind1="1" ind2="0">
   <subfield code="a">Giáo trình luật dân sự Việt Nam</subfield>
   <subfield code="n">Tập II</subfield>
   <subfield code="c">Đinh Văn Thanh, Nguyễn Minh Tuấn (chủ biên)</subfield>
  </datafield>
  <datafield tag="250" ind1=" " ind2=" ">
   <subfield code="a">Tái bản có sửa đổi, bổ sung</subfield>
  </datafield>
  <datafield tag="260" ind1=" " ind2=" ">
   <subfield code="a">H.</subfield>
   <subfield code="b">Công an nhân dân</subfield>
   <subfield code="c">2018</subfield>
  </datafield>
  <datafield tag="300" ind1=" " ind2=" ">
   <subfield code="a">367 tr.</subfield>
   <subfield code="c">21cm</subfield>
  </datafield>
  <datafield tag="500" ind1=" " ind2=" ">
   <subfield code="a">ĐTTS ghi: Trường Đại học Luật Hà Nội</subfield>
  </datafield>
  <datafield tag="520" ind1="3" ind2=" ">
   <subfield code="a">Sách cung cấp những nội dung chính của bộ luật dân sự năm 2015 và làm rõ nội dung cơ bản của các phần trong bộ luật. Hiện nay bộ luật dân sự năm 2015 quy định các chuẩn mực pháp lý cho cách ứng xử của các chủ thể trong giao lưu dân sự. </subfield>
  </datafield>
  <datafield tag="653" ind1=" " ind2=" ">
   <subfield code="a">Luật học</subfield>
  </datafield>
  <datafield tag="700" ind1="1" ind2=" ">
   <subfield code="a">Nguyễn Minh Tuấn</subfield>
   <subfield code="e">Chủ biên</subfield>
  </datafield>
  <datafield tag="700" ind1="1" ind2=" ">
   <subfield code="a">Trần Thị Huệ</subfield>
  </datafield>
  <datafield tag="700" ind1="1" ind2=" ">
   <subfield code="a">Lê Đình Nghị</subfield>
  </datafield>
  <datafield tag="942" ind1=" " ind2=" ">
   <subfield code="2">ddc</subfield>
   <subfield code="c">BK</subfield>
  </datafield>
  <datafield tag="952" ind1=" " ind2=" ">
   <subfield code="0">0</subfield>
   <subfield code="1">0</subfield>
   <subfield code="2">ddc</subfield>
   <subfield code="4">0</subfield>
   <subfield code="6">346_597000000000000_TH107_T_2</subfield>
   <subfield code="7">0</subfield>
   <subfield code="9">17499</subfield>
   <subfield code="a">000001</subfield>
   <subfield code="b">000001</subfield>
   <subfield code="d">2019-08-21</subfield>
   <subfield code="o">346.597 Th107/T.2</subfield>
   <subfield code="p">MD.15894</subfield>
   <subfield code="r">2019-08-21</subfield>
   <subfield code="v">48000.00</subfield>
   <subfield code="w">2019-08-21</subfield>
   <subfield code="y">BK</subfield>
  </datafield>
  <datafield tag="952" ind1=" " ind2=" ">
   <subfield code="0">0</subfield>
   <subfield code="1">0</subfield>
   <subfield code="2">ddc</subfield>
   <subfield code="4">0</subfield>
   <subfield code="6">346_597000000000000_TH107_T_2</subfield>
   <subfield code="7">0</subfield>
   <subfield code="9">17500</subfield>
   <subfield code="a">000001</subfield>
   <subfield code="b">000001</subfield>
   <subfield code="d">2019-08-21</subfield>
   <subfield code="l">6</subfield>
   <subfield code="o">346.597 Th107/T.2</subfield>
   <subfield code="p">MD.15895</subfield>
   <subfield code="r">2021-06-03</subfield>
   <subfield code="s">2021-06-03</subfield>
   <subfield code="v">48000.00</subfield>
   <subfield code="w">2019-08-21</subfield>
   <subfield code="y">BK</subfield>
  </datafield>
  <datafield tag="952" ind1=" " ind2=" ">
   <subfield code="0">0</subfield>
   <subfield code="1">0</subfield>
   <subfield code="2">ddc</subfield>
   <subfield code="4">0</subfield>
   <subfield code="6">346_597000000000000_TH107_T_2</subfield>
   <subfield code="7">0</subfield>
   <subfield code="9">17501</subfield>
   <subfield code="a">000001</subfield>
   <subfield code="b">000001</subfield>
   <subfield code="d">2019-08-21</subfield>
   <subfield code="l">5</subfield>
   <subfield code="m">2</subfield>
   <subfield code="o">346.597 Th107/T.2</subfield>
   <subfield code="p">MD.15896</subfield>
   <subfield code="r">2021-04-22</subfield>
   <subfield code="s">2021-04-08</subfield>
   <subfield code="v">48000.00</subfield>
   <subfield code="w">2019-08-21</subfield>
   <subfield code="y">BK</subfield>
  </datafield>
  <datafield tag="952" ind1=" " ind2=" ">
   <subfield code="0">0</subfield>
   <subfield code="1">0</subfield>
   <subfield code="2">ddc</subfield>
   <subfield code="4">0</subfield>
   <subfield code="6">346_597000000000000_TH107_T_2</subfield>
   <subfield code="7">0</subfield>
   <subfield code="9">17502</subfield>
   <subfield code="a">000001</subfield>
   <subfield code="b">000001</subfield>
   <subfield code="d">2019-08-21</subfield>
   <subfield code="l">6</subfield>
   <subfield code="m">4</subfield>
   <subfield code="o">346.597 Th107/T.2</subfield>
   <subfield code="p">MD.15897</subfield>
   <subfield code="r">2021-04-08</subfield>
   <subfield code="s">2021-04-07</subfield>
   <subfield code="v">48000.00</subfield>
   <subfield code="w">2019-08-21</subfield>
   <subfield code="y">BK</subfield>
  </datafield>
  <datafield tag="952" ind1=" " ind2=" ">
   <subfield code="0">0</subfield>
   <subfield code="1">0</subfield>
   <subfield code="2">ddc</subfield>
   <subfield code="4">0</subfield>
   <subfield code="6">346_597000000000000_TH107_T_2</subfield>
   <subfield code="7">0</subfield>
   <subfield code="9">18101</subfield>
   <subfield code="a">000001</subfield>
   <subfield code="b">000001</subfield>
   <subfield code="d">2019-10-11</subfield>
   <subfield code="l">5</subfield>
   <subfield code="o">346.597 Th107/T.2</subfield>
   <subfield code="p">MD.15898</subfield>
   <subfield code="r">2021-04-22</subfield>
   <subfield code="s">2021-04-08</subfield>
   <subfield code="v">48000.00</subfield>
   <subfield code="w">2019-10-11</subfield>
   <subfield code="y">BK</subfield>
  </datafield>
  <datafield tag="980" ind1=" " ind2=" ">
   <subfield code="a">Thư viện Trường Đại học Nam Cần Thơ</subfield>
  </datafield>
 </record>
</collection>
